[Event "AUT-chT2O 2223"]
[Site "Austria"]
[Date "2023.02.19"]
[Round "9"]
[White "Cu Hor, Winston Darwin"]
[Black "Weissenbeck, Manuel"]
[Result "1-0"]
[WhiteElo "2318"]
[BlackElo "2273"]
[PlyCount "71"]
[EventDate "2022.10.15"]
[EventType "team-tourn"]
[EventRounds "11"]
[EventCountry "AUT"]
[SourceTitle "CBM 213 Extra"]
[Source "ChessBase"]
[SourceDate "2023.05.31"]
[SourceVersion "1"]
[SourceVersionDate "2023.05.31"]
[SourceQuality "1"]
[WhiteTeam "Bad Voeslau"]
[BlackTeam "Pressbaum"]
[WhiteTeamCountry "AUT"]
[BlackTeamCountry "AUT"]

1. Nf3 d5 2. c4 d4 3. e3 Nc6 4. exd4 Nxd4 5. Nxd4 Qxd4 6. Nc3 c6 7. Be2 Nf6 8. 0-0 Bg4 9. d3 Bxe2 10. Nxe2 Qd7 11. Bg5 e6 12. d4 Be7 13. Qb3 h6 14. Bf4 0-0 15. Qf3 Rfd8 16. Rad1 Rac8 17. Ng3 b5 18. b3 Qb7 19. Rfe1 Qa6 20. Qc3 Qa3 21. Qc2 Bb4 22. Re3 Qa5 23. Rf3 Be7 24. Be5 Nd7 25. Bxg7 Kxg7 26. Nh5+ Kg8 27. Rg3+ Kf8 28. Qh7 Bf6 29. Nxf6 Nxf6 30. Qg7+ Ke7 31. Rf3 Rf8 32. Qxf6+ Ke8 33. d5 cxd5 34. cxd5 Qd2 35. Qa1 Qe2 36. Re1 1-0

[Event "AUT-chT2O 2122"]
[Site "Austria"]
[Date "2022.02.27"]
[Round "7.4"]
[White "Balint, Peter1111"]
[Black "Weissenbeck, Manuel"]
[Result "1/2-1/2"]
[WhiteElo "1983"]
[BlackElo "2270"]
[PlyCount "74"]
[EventDate "2021.10.16"]
[EventType "team-tourn"]
[EventRounds "11"]
[EventCountry "AUT"]
[SourceTitle "EXT 2023"]
[Source "ChessBase"]
[SourceDate "2022.10.05"]
[SourceVersion "1"]
[SourceVersionDate "2022.10.05"]
[SourceQuality "1"]
[WhiteTeam "Hietzing"]
[BlackTeam "Pressbaum"]
[WhiteTeamCountry "AUT"]
[BlackTeamCountry "AUT"]

1. e4 c5 2. Nf3 d6 3. d4 cxd4 4. Nxd4 Nf6 5. Nc3 e5 6. Bb5+ Bd7 7. Bxd7+ Qxd7 8. Nb3 Qc6 9. Qd3 Nbd7 10. Bg5 Be7 11. 0-0 Rc8 12. Rfd1 a6 13. a4 h6 14. Bxf6 Nxf6 15. Nd2 Nd7 16. Nf1 Nc5 17. Qg3 Nxe4 18. Nxe4 Qxe4 19. Qxg7 Rh7 20. Qg8+ Bf8 21. Ng3 Qxc2 22. Rxd6 Rg7 23. Qh8 Qh7 24. Qxh7 Rxh7 25. Ne4 Bxd6 26. Nxd6+ Kd7 27. Nxc8 Kxc8 28. Rc1+ Kd7 29. f3 f6 30. Kf2 Ke6 31. Ke3 Rg7 32. g3 Rd7 33. Rc4 Kf5 34. b3 h5 35. Rb4 Rc7 36. Kd3 Rd7+ 37. Ke3 Rc7 1/2-1/2

[Event "AUT-chT2O 1920"]
[Site "Austria"]
[Date "2019.11.17"]
[Round "4.4"]
[White "Batyte, Daiva"]
[Black "Weissenbeck, Manuel"]
[Result "1/2-1/2"]
[WhiteElo "2145"]
[BlackElo "2271"]
[PlyCount "34"]
[EventDate "2019.10.19"]
[EventType "team-tourn"]
[EventRounds "11"]
[EventCountry "AUT"]
[SourceTitle "CBM 193 Extra"]
[Source "ChessBase"]
[SourceDate "2020.01.31"]
[SourceVersion "1"]
[SourceVersionDate "2020.01.31"]
[SourceQuality "1"]
[WhiteTeam "Poechlarn"]
[BlackTeam "Pressbaum"]
[WhiteTeamCountry "AUT"]
[BlackTeamCountry "AUT"]

1. c4 e5 2. Nc3 Nf6 3. g3 Bb4 4. Bg2 0-0 5. Nd5 Nxd5 6. cxd5 c6 7. Qb3 Na6 8. Nf3 Qf6 9. 0-0 e4 10. Ne1 Re8 11. d3 cxd5 12. Qxd5 Re5 13. Qd4 Bc5 14. Qc3 Bb4 15. Qd4 Bc5 16. Qc3 Bb4 17. Qd4 Bc5 1/2-1/2

[Event "AUT-chT2O 1718"]
[Site "Austria"]
[Date "2018.02.25"]
[Round "9.3"]
[White "Weissenbeck, Manuel"]
[Black "Belke, Frank"]
[Result "1/2-1/2"]
[WhiteElo "2239"]
[BlackElo "2266"]
[PlyCount "97"]
[EventDate "2017.10.21"]
[EventType "team-tourn"]
[EventRounds "11"]
[EventCountry "AUT"]
[SourceTitle "EXT 2019"]
[Source "ChessBase"]
[SourceDate "2018.10.10"]
[SourceVersion "1"]
[SourceVersionDate "2018.10.10"]
[SourceQuality "1"]
[WhiteTeam "Pressbaum"]
[BlackTeam "Hietzing"]
[WhiteTeamCountry "AUT"]
[BlackTeamCountry "AUT"]

1. d4 Nf6 2. Nf3 g6 3. c4 Bg7 4. Nc3 d5 5. cxd5 Nxd5 6. e4 Nxc3 7. bxc3 c5 8. Be3 Qa5 9. Qd2 0-0 10. Rc1 Bg4 11. d5 Bxf3 12. gxf3 c4 13. Bd4 Nd7 14. Bxg7 Kxg7 15. Bxc4 Rac8 16. Be2 b5 17. c4 b4 18. h4 h5 19. Rb1 Rb8 20. f4 Qc5 21. f5 Ne5 22. Rc1 b3 23. Qc3 b2 24. Rb1 Qb4 25. Rh3 gxf5 26. f4 Qxc3+ 27. Rxc3 Ng6 28. Rg3 Kh7 29. exf5 Nxf4 30. Rf3 Nxe2 31. Kxe2 Rg8 32. Kf2 Rg4 33. Rb3 Rc8 34. R1xb2 Rcxc4 35. Re3 Rxh4 36. Rb7 Rhf4+ 37. Kg3 Rg4+ 38. Kf3 Rcf4+ 39. Ke2 Rg2+ 40. Kd3 Rxf5 41. Rexe7 Kg6 42. d6 Rd5+ 43. Ke4 Rxd6 44. Rxf7 Re2+ 45. Kf3 Rxa2 46. Rxa7 Rd3+ 47. Ke4 Rxa7 48. Rxa7 Rd1 49. Kf4 1/2-1/2

[Event "AUT-chT2O 1617"]
[Site "Austria"]
[Date "2017.04.01"]
[Round "10.3"]
[White "Steiner, Bruno"]
[Black "Weissenbeck, Manuel"]
[Result "0-1"]
[WhiteElo "2166"]
[BlackElo "2229"]
[PlyCount "62"]
[EventDate "2016.10.15"]
[EventType "team-tourn"]
[EventRounds "11"]
[EventCountry "AUT"]
[SourceTitle "CBM 177 Extra"]
[Source "ChessBase"]
[SourceDate "2017.04.27"]
[SourceVersion "1"]
[SourceVersionDate "2017.04.27"]
[SourceQuality "1"]
[WhiteTeam "Favoriten"]
[BlackTeam "Pressbaum"]
[WhiteTeamCountry "AUT"]
[BlackTeamCountry "AUT"]

1. c4 e5 2. g3 Nf6 3. Bg2 Nc6 4. Nc3 Bb4 5. Nd5 Nxd5 6. cxd5 Ne7 7. Nf3 Bd6 8. 0-0 0-0 9. e4 c5 10. dxc6 dxc6 11. d4 Ng6 12. Qc2 Bg4 13. Nxe5 Nxe5 14. dxe5 Bxe5 15. h3 Be6 16. Be3 Qf6 17. Rad1 Rfd8 18. f4 Bd4 19. Bxd4 Rxd4 20. e5 Qd8 21. Kh2 g6 22. g4 Rxd1 23. Rxd1 Qh4 24. Bf3 h5 25. Qe2 Kg7 26. Rg1 hxg4 27. Bxg4 Rh8 28. f5 Bxf5 29. Qe3 Bxg4 30. Rxg4 Qxg4 31. e6 Qxe6 0-1

[Event "AUT-chT2O 1617"]
[Site "Austria"]
[Date "2017.03.05"]
[Round "9.6"]
[White "Weissenbeck, Manuel"]
[Black "Petran, Peter"]
[Result "0-1"]
[WhiteElo "2229"]
[BlackElo "2306"]
[PlyCount "80"]
[EventDate "2016.10.15"]
[EventType "team-tourn"]
[EventRounds "11"]
[EventCountry "AUT"]
[SourceTitle "CBM 177 Extra"]
[Source "ChessBase"]
[SourceDate "2017.04.27"]
[SourceVersion "1"]
[SourceVersionDate "2017.04.27"]
[SourceQuality "1"]
[WhiteTeam "Pressbaum"]
[BlackTeam "Mattersburg"]
[WhiteTeamCountry "AUT"]
[BlackTeamCountry "AUT"]

1. d4 g6 2. e4 Bg7 3. f4 c5 4. c3 Qa5 5. d5 d6 6. Nf3 Nf6 7. Nbd2 0-0 8. Bd3 b5 9. Qe2 a6 10. a4 c4 11. Bc2 Bb7 12. Nd4 Nbd7 13. Ra3 Qb6 14. a5 Qc7 15. 0-0 Nc5 16. g4 e5 17. dxe6 fxe6 18. b4 cxb3 19. N4xb3 Rae8 20. h3 d5 21. e5 Nfd7 22. Nd4 g5 23. fxg5 Qxe5 24. Qxe5 Nxe5 25. N2f3 Nxf3+ 26. Nxf3 e5 27. g6 hxg6 28. Bxg6 Rc8 29. Bf5 Rc7 30. Ng5 Bc8 31. Bh7+ Kh8 32. Bg6 Rxf1+ 33. Kxf1 Ne6 34. Nxe6 Bxe6 35. Bd2 Bf6 36. Kg2 Kg7 37. Bd3 e4 38. Bb1 Bh4 39. Be3 Bf6 40. g5 Be5 0-1

[Event "AUT-chT2O 1617"]
[Site "Austria"]
[Date "2017.03.04"]
[Round "8.1"]
[White "Ganaus, Hannes"]
[Black "Weissenbeck, Manuel"]
[Result "1/2-1/2"]
[WhiteElo "2277"]
[BlackElo "2229"]
[PlyCount "64"]
[EventDate "2016.10.15"]
[EventType "team-tourn"]
[EventRounds "11"]
[EventCountry "AUT"]
[SourceTitle "CBM 177 Extra"]
[Source "ChessBase"]
[SourceDate "2017.04.27"]
[SourceVersion "1"]
[SourceVersionDate "2017.04.27"]
[SourceQuality "1"]
[WhiteTeam "Poechlarn"]
[BlackTeam "Pressbaum"]
[WhiteTeamCountry "AUT"]
[BlackTeamCountry "AUT"]

1. d4 Nf6 2. c4 g6 3. Nc3 Bg7 4. e4 d6 5. Nf3 0-0 6. Be2 e5 7. 0-0 Nc6 8. dxe5 dxe5 9. Bg5 h6 10. Qxd8 Rxd8 11. Bxf6 Bxf6 12. Nd5 Bg7 13. Nxc7 Rb8 14. Rfd1 Bd7 15. Rd2 Rbc8 16. Nd5 Kf8 17. Rad1 Bg4 18. b3 f5 19. Ne3 Rxd2 20. Rxd2 Bxf3 21. Bxf3 f4 22. Nc2 Rc7 23. Kf1 Nd4 24. Nxd4 exd4 25. Ke2 Ke7 26. Kd3 a5 27. Rc2 b6 28. a3 Be5 29. Ra2 Ra7 30. Be2 Kd6 31. Kc2 Bf6 32. Bd3 Ke5 1/2-1/2

[Event "AUT-chT2O 1617"]
[Site "Austria"]
[Date "2016.12.03"]
[Round "5.5"]
[White "Koffler, Daniel"]
[Black "Weissenbeck, Manuel"]
[Result "0-1"]
[WhiteElo "2152"]
[BlackElo "2229"]
[PlyCount "44"]
[EventDate "2016.10.15"]
[EventType "team-tourn"]
[EventRounds "11"]
[EventCountry "AUT"]
[SourceTitle "CBM 177 Extra"]
[Source "ChessBase"]
[SourceDate "2017.04.27"]
[SourceVersion "1"]
[SourceVersionDate "2017.04.27"]
[SourceQuality "1"]
[WhiteTeam "Nickelsdorf Blackburne II"]
[BlackTeam "Pressbaum"]
[WhiteTeamCountry "AUT"]
[BlackTeamCountry "AUT"]

1. e4 c5 2. Nf3 d6 3. d4 cxd4 4. Nxd4 Nf6 5. Nc3 a6 6. Nb3 Nc6 7. Be3 e6 8. g4 Be7 9. g5 Nd7 10. f4 b5 11. Bg2 Bb7 12. a4 b4 13. Ne2 e5 14. 0-0 Nb6 15. Nd2 a5 16. Kh1 0-0 17. Qe1 exf4 18. Nxf4 Bxg5 19. Qf2 Nd7 20. Nc4 Nde5 21. Nxe5 Nxe5 22. Qg3 Bh4 0-1

[Event "AUT-chT2O 1617"]
[Site "Austria"]
[Date "2016.11.13"]
[Round "4.3"]
[White "Weissenbeck, Manuel"]
[Black "Sadilek, Peter"]
[Result "1/2-1/2"]
[WhiteElo "2229"]
[BlackElo "2274"]
[PlyCount "73"]
[EventDate "2016.10.15"]
[EventType "team-tourn"]
[EventRounds "11"]
[EventCountry "AUT"]
[SourceTitle "CBM 175 Extra"]
[Source "ChessBase"]
[SourceDate "2016.12.12"]
[SourceVersion "1"]
[SourceVersionDate "2016.12.12"]
[SourceQuality "1"]
[WhiteTeam "Pressbaum"]
[BlackTeam "Tschaturanga"]
[WhiteTeamCountry "AUT"]
[BlackTeamCountry "AUT"]

1. d4 Nf6 2. Nf3 g6 3. c4 Bg7 4. Nc3 0-0 5. e4 d6 6. Be2 e5 7. 0-0 Nc6 8. d5 Ne7 9. b4 Nh5 10. Re1 f5 11. c5 a5 12. cxd6 cxd6 13. Rb1 h6 14. Bd3 fxe4 15. Bxe4 Nf6 16. Nd2 Ng4 17. Bf3 Nf6 18. Nde4 Nf5 19. Nb5 axb4 20. Rxb4 Rxa2 21. Qb3 Ra1 22. Bd2 Rxe1+ 23. Bxe1 Nxe4 24. Bxe4 Qf6 25. Rc4 Nd4 26. Nxd4 exd4 27. Rc7 Qe5 28. f3 Qg5 29. Bf2 Bh3 30. Bg3 Rf7 31. f4 Rxf4 32. Bxf4 Qxf4 33. Qf3 Qxf3 34. gxf3 g5 35. Rxb7 Be5 36. Rh7 Bg7 37. Kf2 1/2-1/2

[Event "AUT-chT2O 1516"]
[Site "Austria"]
[Date "2015.10.18"]
[Round "2.4"]
[White "Pinter, Erik"]
[Black "Weissenbeck, Manuel"]
[Result "1/2-1/2"]
[WhiteElo "2370"]
[BlackElo "2246"]
[PlyCount "89"]
[EventDate "2015.10.17"]
[EventType "team-tourn"]
[EventRounds "11"]
[EventCountry "AUT"]
[SourceTitle "CBM 168 Extra"]
[Source "ChessBase"]
[SourceDate "2015.10.29"]
[SourceVersion "1"]
[SourceVersionDate "2015.10.29"]
[SourceQuality "1"]
[WhiteTeam "Nickelsdorf Blackburne"]
[BlackTeam "Pressbaum"]
[WhiteTeamCountry "AUT"]
[BlackTeamCountry "AUT"]

1. e4 c5 2. Ne2 Nc6 3. d4 cxd4 4. Nxd4 Nf6 5. Nc3 d6 6. Bg5 e6 7. Qd2 Be7 8. 0-0-0 a6 9. f4 Bd7 10. Nf3 Qc7 11. e5 dxe5 12. fxe5 Nd5 13. Nxd5 exd5 14. Bxe7 Nxe7 15. Bd3 h6 16. Rhe1 Nc6 17. Qf4 Be6 18. Nd4 Nxd4 19. Qxd4 Qa5 20. Kb1 Rc8 21. Rf1 Qc5 22. Rf4 Qxd4 23. Rxd4 Ke7 24. Rb4 Rc7 25. c3 Rd8 26. Bc2 b5 27. a4 Rc4 28. Rd4 Rxb4 29. Rxb4 Bd7 30. Bd3 Rb8 31. axb5 axb5 32. b3 Bc6 33. c4 dxc4 34. bxc4 Bxg2 35. cxb5 Ke6 36. Kc2 Kxe5 37. Rg4 Bd5 38. Rxg7 f5 39. Re7+ Kf6 40. Rh7 Be4 41. Bxe4 fxe4 42. Rxh6+ Kg5 43. Re6 Kf5 44. Rh6 Kg5 45. Re6 1/2-1/2

[Event "AUT-chT2O 1415"]
[Site "Austria"]
[Date "2015.02.21"]
[Round "8.1"]
[White "Pinter, Erik"]
[Black "Weissenbeck, Manuel"]
[Result "0-1"]
[WhiteElo "2354"]
[BlackElo "2213"]
[PlyCount "66"]
[EventDate "2014.10.18"]
[EventType "team-tourn"]
[EventRounds "11"]
[EventCountry "AUT"]
[SourceTitle "EXT 2016"]
[Source "ChessBase"]
[SourceDate "2015.10.08"]
[SourceVersion "1"]
[SourceVersionDate "2015.10.08"]
[SourceQuality "1"]
[WhiteTeam "Nickelsdorf"]
[BlackTeam "Pressbaum"]
[WhiteTeamCountry "AUT"]
[BlackTeamCountry "AUT"]

1. e4 c5 2. Nf3 d6 3. c3 Nf6 4. Be2 e6 5. 0-0 Be7 6. Re1 0-0 7. Bf1 b6 8. d3 Bb7 9. Nbd2 Qc7 10. a3 Nbd7 11. h3 Ne5 12. Nh2 Ng6 13. Ndf3 Rad8 14. g3 c4 15. dxc4 Nxe4 16. Nd4 d5 17. cxd5 Nxg3 18. fxg3 Qxg3+ 19. Bg2 Bxd5 20. Re2 Nh4 21. Nf1 Qg6 22. Qc2 f5 23. Ne3 Be4 24. Qb3 Rxd4 25. cxd4 Nf3+ 26. Kh1 Nxd4 27. Qd1 Nxe2 28. Qxe2 f4 29. Bxe4 Qxe4+ 30. Qg2 f3 31. Qf2 Bh4 32. Qf1 f2+ 33. Ng2 Qf3 0-1

[Event "AUT-chT2O 1415"]
[Site "Austria"]
[Date "2015.01.25"]
[Round "7.1"]
[White "Weissenbeck, Manuel"]
[Black "Hansen, Kay"]
[Result "1/2-1/2"]
[WhiteElo "2213"]
[BlackElo "2168"]
[PlyCount "60"]
[EventDate "2014.10.18"]
[EventType "team-tourn"]
[EventRounds "11"]
[EventCountry "AUT"]
[SourceTitle "EXT 2016"]
[Source "ChessBase"]
[SourceDate "2015.10.08"]
[SourceVersion "1"]
[SourceVersionDate "2015.10.08"]
[SourceQuality "1"]
[WhiteTeam "Pressbaum"]
[BlackTeam "Donaustadt"]
[WhiteTeamCountry "AUT"]
[BlackTeamCountry "AUT"]

1. d4 d5 2. c4 c6 3. Nf3 Nf6 4. e3 e6 5. Nc3 Bd6 6. Bd3 Nbd7 7. 0-0 0-0 8. Qc2 dxc4 9. Bxc4 e5 10. dxe5 Nxe5 11. Nxe5 Bxe5 12. f4 Bxc3 13. bxc3 Qe7 14. Bd3 Re8 15. c4 c5 16. Re1 b6 17. Bb2 Bb7 18. Bxf6 Qxf6 19. Bxh7+ Kh8 20. Bd3 Rxe3 21. Rxe3 Qxa1+ 22. Bf1 Qd4 23. Qf2 Kg8 24. Re7 Qxf2+ 25. Kxf2 Bc6 26. Rc7 Be4 27. Be2 Kf8 28. Bf3 Bxf3 29. Kxf3 g6 30. Ke4 Re8+ 1/2-1/2

[Event "AUT-chT2O 1415"]
[Site "Austria"]
[Date "2014.12.06"]
[Round "5.3"]
[White "Juenger, Heinz"]
[Black "Weissenbeck, Manuel"]
[Result "1/2-1/2"]
[WhiteElo "2110"]
[BlackElo "2213"]
[PlyCount "88"]
[EventDate "2014.10.18"]
[EventType "team-tourn"]
[EventRounds "11"]
[EventCountry "AUT"]
[SourceTitle "EXT 2016"]
[Source "ChessBase"]
[SourceDate "2015.10.08"]
[SourceVersion "1"]
[SourceVersionDate "2015.10.08"]
[SourceQuality "1"]
[WhiteTeam "Baden Invest"]
[BlackTeam "Pressbaum"]
[WhiteTeamCountry "AUT"]
[BlackTeamCountry "AUT"]

1. d4 Nf6 2. c4 e6 3. Nc3 Bb4 4. e3 0-0 5. Nge2 d5 6. a3 Be7 7. cxd5 exd5 8. Nf4 c6 9. Bd3 Re8 10. h3 Bd6 11. 0-0 Nbd7 12. Re1 Ne4 13. f3 Nxc3 14. bxc3 Qh4 15. Rf1 Nf6 16. Bd2 Bxf4 17. exf4 Nh5 18. f5 g6 19. Qc2 Ng3 20. Be1 Qf4 21. Bxg3 Qxg3 22. fxg6 hxg6 23. Qf2 Qf4 24. Rfe1 Bd7 25. Rxe8+ Rxe8 26. Re1 Rxe1+ 27. Qxe1 Kf8 28. Kf2 Qh4+ 29. Kf1 Qf4 30. Kf2 b6 31. Qe3 Qd6 32. Qc1 Be6 33. h4 c5 34. g3 c4 35. Bc2 b5 36. Qb2 a5 37. h5 gxh5 38. Qxb5 h4 39. f4 hxg3+ 40. Kxg3 Qxa3 41. Qb8+ Ke7 42. Qc7+ Ke8 43. Qb8+ Ke7 44. Qc7+ Ke8 1/2-1/2

[Event "AUT-chT2O 1213"]
[Site "Austria"]
[Date "2013.04.06"]
[Round "10.4"]
[White "Fiala, Vaclav"]
[Black "Weissenbeck, Manuel"]
[Result "0-1"]
[WhiteElo "2188"]
[BlackElo "2238"]
[PlyCount "96"]
[EventDate "2012.10.06"]
[EventType "team-tourn"]
[EventRounds "11"]
[EventCountry "AUT"]
[SourceTitle "EXT 2014"]
[Source "ChessBase"]
[SourceDate "2013.11.20"]
[SourceVersion "1"]
[SourceVersionDate "2013.11.20"]
[SourceQuality "1"]
[WhiteTeam "Zwettl II"]
[BlackTeam "Eichgraben"]
[WhiteTeamCountry "AUT"]
[BlackTeamCountry "AUT"]

1. e4 c5 2. c3 e6 3. d4 d5 4. exd5 exd5 5. Nf3 Nc6 6. Bb5 Bd6 7. 0-0 Nge7 8. Nbd2 0-0 9. dxc5 Bxc5 10. Nb3 Bb6 11. Bg5 Bg4 12. Be2 Re8 13. Nfd4 Bxe2 14. Nxe2 Qd6 15. c4 f6 16. Bf4 Ne5 17. Nc3 Rad8 18. Bxe5 fxe5 19. Qg4 Qc6 20. cxd5 Nxd5 21. Nxd5 Rxd5 22. Rac1 Qe6 23. Qc4 Red8 24. h3 Qf7 25. Kh2 Qf4+ 26. Qxf4 exf4 27. Rc4 g5 28. a4 Re8 29. a5 Bd8 30. Rfc1 Re2 31. Rd4 Rxd4 32. Nxd4 Rd2 33. Nf3 Rd5 34. Rc8 Kg7 35. Rb8 Kg6 36. Rxb7 Rxa5 37. b4 Ra2 38. Ne5+ Kf5 39. Rb5 Ke6 40. Nf3 h6 41. Nd4+ Kf6 42. Rf5+ Kg6 43. Rd5 Bb6 44. Rd6+ Kf7 45. Nf5 h5 46. Nh6+ Kf8 47. f3 Ra1 48. g4 fxg3+ 0-1

[Event "AUT-chT2O 1213"]
[Site "Austria"]
[Date "2013.03.10"]
[Round "9.5"]
[White "Koffler, Daniel"]
[Black "Weissenbeck, Manuel"]
[Result "0-1"]
[WhiteElo "2201"]
[BlackElo "2238"]
[PlyCount "106"]
[EventDate "2012.10.06"]
[EventType "team-tourn"]
[EventRounds "11"]
[EventCountry "AUT"]
[SourceTitle "EXT 2014"]
[Source "ChessBase"]
[SourceDate "2013.11.20"]
[SourceVersion "1"]
[SourceVersionDate "2013.11.20"]
[SourceQuality "1"]
[WhiteTeam "Nickelsdorf"]
[BlackTeam "Eichgraben"]
[WhiteTeamCountry "AUT"]
[BlackTeamCountry "AUT"]

1. Nf3 Nf6 2. c4 e6 3. g3 d5 4. Bg2 c5 5. 0-0 Be7 6. cxd5 exd5 7. d4 0-0 8. Nc3 Nc6 9. Bg5 c4 10. Qc2 Be6 11. Rad1 Qa5 12. Ne5 h6 13. Nxc6 bxc6 14. Bf4 Rac8 15. Qa4 Qb6 16. b3 cxb3 17. axb3 Bf5 18. Ra1 a5 19. Qxa5 Qxa5 20. Rxa5 Bb4 21. Rc5 Bxc5 22. dxc5 Rb8 23. Bxb8 Rxb8 24. e4 Nxe4 25. Nxe4 dxe4 26. Rb1 Rb4 27. Kf1 Be6 28. Ke2 f5 29. Ke3 Kf7 30. f3 Kf6 31. fxe4 fxe4 32. Kd2 Ke5 33. Kc3 Rd4 34. Bf1 Bg4 35. Re1 Bf3 36. Bc4 g5 37. Kc2 Rd8 38. Kc3 h5 39. b4 Rb8 40. Ra1 h4 41. Ra7 hxg3 42. Re7+ Kf4 43. Rf7+ Ke3 44. hxg3 g4 45. Rf6 Kf2 46. Rxc6 e3 47. Re6 e2 48. Bxe2 Bxe2 49. c6 Bb5 50. Kd4 Bxc6 51. Rxc6 Rxb4+ 52. Kc3 Rb8 53. Kd3 Re8 0-1

[Event "AUT-chT2O 1213"]
[Site "Austria"]
[Date "2012.10.06"]
[Round "1.5"]
[White "Weissenbeck, Manuel"]
[Black "Leitner, Gerald"]
[Result "0-1"]
[WhiteElo "2238"]
[BlackElo "2206"]
[PlyCount "56"]
[EventDate "2012.10.06"]
[EventType "team-tourn"]
[EventRounds "11"]
[EventCountry "AUT"]
[SourceTitle "EXT 2013"]
[Source "ChessBase"]
[SourceDate "2012.11.22"]
[SourceVersion "1"]
[SourceVersionDate "2012.11.22"]
[SourceQuality "1"]
[WhiteTeam "Eichgraben"]
[BlackTeam "Tschaturanga"]
[WhiteTeamCountry "AUT"]
[BlackTeamCountry "AUT"]

1. d4 Nf6 2. Nf3 g6 3. c4 Bg7 4. Nc3 0-0 5. e4 d6 6. Be2 c5 7. d5 e5 8. dxe6 Bxe6 9. 0-0 Nc6 10. Bg5 h6 11. Bf4 Qb6 12. Rb1 Rad8 13. Qd2 g5 14. Nxg5 hxg5 15. Bxg5 Rd7 16. f4 Nh7 17. f5 Nxg5 18. Qxg5 f6 19. Qh4 Bf7 20. Rf3 Nd4 21. Rh3 Nxe2+ 22. Nxe2 Re8 23. Ng3 Rde7 24. b3 Qa5 25. Rd1 Qxa2 26. Qh7+ Kf8 27. Rh6 Qxb3 28. Re1 Qc3 0-1

[Event "AUT-chT2O 1112"]
[Site "Austria"]
[Date "2012.04.28"]
[Round "10.4"]
[White "Weissenbeck, Manuel"]
[Black "Brod, Manfred"]
[Result "0-1"]
[WhiteElo "2300"]
[BlackElo "2212"]
[PlyCount "76"]
[EventDate "2011.10.15"]
[EventType "team-tourn"]
[EventRounds "11"]
[EventCountry "AUT"]
[SourceTitle "EXT 2013"]
[Source "ChessBase"]
[SourceDate "2012.11.22"]
[SourceVersion "1"]
[SourceVersionDate "2012.11.22"]
[SourceQuality "1"]
[WhiteTeam "Eichgraben"]
[BlackTeam "Mattersburg"]
[WhiteTeamCountry "AUT"]
[BlackTeamCountry "AUT"]

1. d4 d5 2. c4 dxc4 3. Nf3 Nf6 4. Nc3 a6 5. a4 Nc6 6. Bg5 h6 7. Bh4 g5 8. Bg3 g4 9. Ne5 Qxd4 10. Nxc6 Qxd1+ 11. Rxd1 bxc6 12. e4 Be6 13. Bxc7 Bg7 14. Be2 0-0 15. 0-0 Nd7 16. f4 gxf3 17. Rxf3 Ra7 18. Bf4 Rb7 19. Rg3 Kh7 20. Rd2 Rb4 21. Bd1 Be5 22. Bxe5 Nxe5 23. a5 Rfb8 24. Na4 R4b5 25. h3 Rxa5 26. Nc3 Ra1 27. Kh2 Nd3 28. b3 Ne5 29. bxc4 Nxc4 30. Re2 Ne5 31. Bc2 Rc1 32. Na4 Rb5 33. Rc3 Ba2 34. Ra3 Bb1 35. Bxb1 Rbxb1 36. Nc3 Ra1 37. Na2 Re1 38. Rb2 Nc4 0-1

[Event "AUT-chT2O 1112"]
[Site "Austria"]
[Date "2012.03.18"]
[Round "9.4"]
[White "Vitouch, Anatol"]
[Black "Weissenbeck, Manuel"]
[Result "1/2-1/2"]
[WhiteElo "2277"]
[BlackElo "2300"]
[PlyCount "80"]
[EventDate "2011.10.15"]
[EventType "team-tourn"]
[EventRounds "11"]
[EventCountry "AUT"]
[SourceTitle "EXT 2013"]
[Source "ChessBase"]
[SourceDate "2012.11.22"]
[SourceVersion "1"]
[SourceVersionDate "2012.11.22"]
[SourceQuality "1"]
[WhiteTeam "Pamhagen"]
[BlackTeam "Eichgraben"]
[WhiteTeamCountry "AUT"]
[BlackTeamCountry "AUT"]

1. Nf3 Nc6 2. d4 d5 3. e3 Bg4 4. Bb5 e6 5. Bxc6+ bxc6 6. c4 Bb4+ 7. Bd2 Bxf3 8. Qxf3 Rb8 9. Bxb4 Rxb4 10. b3 Qf6 11. Qxf6 Nxf6 12. cxd5 cxd5 13. Ke2 Kd7 14. Rc1 Kd6 15. Nc3 Rc8 16. Na4 Nd7 17. Rc3 c6 18. Rac1 f6 19. Nc5 Nxc5 20. Rxc5 e5 21. Kd3 Rc7 22. f3 Rb5 23. Rxb5 cxb5 24. Rxc7 Kxc7 25. dxe5 fxe5 26. e4 Kd6 27. exd5 Kxd5 28. h3 b4 29. h4 g6 30. Ke3 h6 31. Kd3 a6 32. Ke3 Kd6 33. Ke4 Ke6 34. g3 h5 35. Ke3 Kd6 36. Kd2 Ke6 37. Kd3 Kd5 38. Ke3 Kd6 39. Ke4 Ke6 40. Ke3 Kd6 1/2-1/2

[Event "AUT-chT2O 1112"]
[Site "Austria"]
[Date "2012.01.14"]
[Round "5.3"]
[White "Weissenbeck, Manuel"]
[Black "Lendwai, Reinhard"]
[Result "0-1"]
[WhiteElo "2300"]
[BlackElo "2397"]
[PlyCount "86"]
[EventDate "2011.10.15"]
[EventType "team-tourn"]
[EventRounds "11"]
[EventCountry "AUT"]
[SourceTitle "EXT 2013"]
[Source "ChessBase"]
[SourceDate "2012.11.22"]
[SourceVersion "1"]
[SourceVersionDate "2012.11.22"]
[SourceQuality "1"]
[WhiteTeam "Eichgraben"]
[BlackTeam "Baden Invest"]
[WhiteTeamCountry "AUT"]
[BlackTeamCountry "AUT"]

1. d4 Nf6 2. Nf3 c5 3. e3 e6 4. c4 d5 5. Nc3 Nc6 6. a3 a6 7. cxd5 exd5 8. Be2 c4 9. Ne5 Na5 10. g4 Be6 11. Bd2 Nb3 12. Rb1 b5 13. Bf3 Rc8 14. g5 Ng8 15. Rg1 Ne7 16. h4 Ng6 17. Bg4 Nxe5 18. dxe5 Nc5 19. Bxe6 fxe6 20. Qg4 Be7 21. Kf1 0-0 22. Ne2 Kh8 23. Bc3 a5 24. Nf4 Rc6 25. Rd1 Ra6 26. h5 Qe8 27. f3 Bd8 28. Ke2 Kg8 29. Bd4 Nd7 30. h6 g6 31. Nh3 Bc7 32. f4 Qf7 33. Nf2 Bxe5 34. Qg2 Bxd4 35. Rxd4 b4 36. Ng4 Rb6 37. axb4 Rxb4 38. Kd1 Rfb8 39. Rd2 a4 40. Rc2 Rb3 41. Kc1 a3 42. bxa3 c3 43. Kd1 Qf5 0-1

[Event "Niederoesterreich Landesliga 1112"]
[Site "Austria"]
[Date "2011.11.13"]
[Round "4"]
[White "Wadsack, Winfried"]
[Black "Weissenbeck, Manuel"]
[Result "0-1"]
[WhiteElo "2094"]
[BlackElo "2271"]
[PlyCount "74"]
[EventDate "2011.09.18"]
[EventType "team-tourn"]
[EventRounds "11"]
[EventCountry "AUT"]
[SourceTitle "EXT 2022"]
[Source "ChessBase"]
[SourceDate "2021.10.06"]
[SourceVersion "1"]
[SourceVersionDate "2021.10.06"]
[SourceQuality "1"]

1. e4 c5 2. c3 e6 3. d4 d5 4. exd5 exd5 5. Nf3 Bd6 6. Be3 c4 7. b3 cxb3 8. axb3 Ne7 9. Na3 Nbc6 10. Bd3 Bf5 11. 0-0 0-0 12. Nb5 Bb8 13. Qc2 Qd7 14. Nh4 Bxd3 15. Qxd3 a6 16. g3 Re8 17. Rfe1 Ng6 18. Nxg6 hxg6 19. Kg2 g5 20. Bd2 Rxe1 21. Bxe1 g4 22. Bd2 Ne7 23. c4 Nf5 24. c5 g6 25. b4 Kg7 26. Be3 Qe8 27. Nc3 Bc7 28. b5 Qh8 29. h4 gxh3+ 30. Kh1 Re8 31. Nxd5 Qh5 32. Bf4 Nxg3+ 33. Qxg3 Qxd5+ 34. f3 Qxd4 35. Bxc7 Qxa1+ 36. Kh2 Re2+ 37. Kxh3 Qh1+ 0-1